Slovakia : country profile 2008.
| Format: | Book |
|---|---|
| Published: |
London:
Economist Intelligence Unit,
2008.
|
| Series: | EIU country profile : 2008
|
| Subjects: |
| LEADER | 00462cam a2200157 7i4500 | ||
|---|---|---|---|
| 001 | 0000022745 | ||
| 005 | 20090604090000.0 | ||
| 022 | 0 | 0 | |a 1366-4212 |
| 090 | 0 | 0 | |a SLOV 330.9 |b SLO |
| 245 | 0 | 0 | |a Slovakia : |b country profile 2008. |
| 260 | 0 | 0 | |a London: |b Economist Intelligence Unit, |c 2008. |
| 300 | # | # | |a 30 p. |
| 440 | 0 | 0 | |a EIU country profile : 2008 |
| 650 | 0 | 0 | |a Slovakia -- |x Country profile |
| 651 | 0 | 0 | |a Slovakia |
| 999 | |a B000023979 |b Book |c Countries |e Business Information Centre | ||